[Event "35th Zalakaros Open 2016"]
[Site "Zalakaros HUN"]
[Date "2016.05.28"]
[Round "2.10"]
[White "Erdos, Viktor"]
[Black "Ben Artzi, Ido"]
[Result "1-0"]
[WhiteTitle "GM"]
[BlackTitle "IM"]
[WhiteElo "2577"]
[BlackElo "2399"]
[WhiteFideId "719978"]
[BlackFideId "2810913"]
[EventDate "2016.05.27"]

1. d4 Nf6 2. c4 g6 3. Nc3 d5 4. Bf4 Bg7 5. e3 O-O 6. Rc1 c5 7. dxc5 Be6 8. Nf3
Nc6 9. Be2 Ne4 10. Nd4 Nxd4 11. exd4 Nxc3 12. bxc3 dxc4 13. Bf3 Bd5 14. O-O Qd7
15. Re1 Rfe8 16. Rb1 Rad8 17. Bxd5 Qxd5 18. Qf3 e5 19. Qxd5 Rxd5 20. Rxb7 Rdd8
21. dxe5 Bxe5 22. g3 Bxf4 23. Rxe8+ Rxe8 24. gxf4 Rc8 25. Rxa7 Rxc5 26. a4 Kg7
27. Rb7 Rf5 28. Rb4 Rxf4 29. a5 Rf6 30. Rxc4 Ra6 31. Rc5 f5 32. Kf1 Kh6 33. Ke2
Kg5 34. Kd3 Kg4 35. Kc4 Kh3 36. Kb5 Ra8 37. a6 Kxh2 38. Kb6 h5 39. Kb7 Rh8 40.
Rc8 Rh7+ 41. Rc7 Rh8 42. a7 Kg2 43. Rc8 Rh7+ 44. Kb6 Rxa7 45. Kxa7 h4 46. c4 h3
47. c5 h2 48. Rh8 h1=Q 49. Rxh1 Kxh1 50. c6 1-0

[Event "35th Zalakaros Open 2016"]
[Site "Zalakaros HUN"]
[Date "2016.05.28"]
[Round "2.11"]
[White "Raja, Harshit"]
[Black "Medvegy, Zoltan"]
[Result "1/2-1/2"]
[BlackTitle "GM"]
[WhiteElo "2329"]
[BlackElo "2553"]
[WhiteFideId "5089000"]
[BlackFideId "708402"]
[EventDate "2016.05.27"]

1. e4 e6 2. d4 d5 3. Nd2 Be7 4. Ngf3 Nf6 5. Bd3 c5 6. dxc5 dxe4 7. Nxe4 Nxe4 8.
Bxe4 Qxd1+ 9. Kxd1 Bxc5 10. Ke2 Nd7 11. Rd1 O-O 12. Bxb7 Bxb7 13. Rxd7 Ba6+ 14.
Ke1 Rfc8 15. b3 Bb5 16. Rd1 Bb4+ 17. Bd2 Rxc2 18. Bxb4 Re2+ 19. Kf1 Re4+ 20. Kg1
Rxb4 21. Rac1 Be8 22. Ne5 a5 23. Nc6 Rb5 24. Ne7+ Kf8 25. Nc8 Rb7 26. g3 a4 27.
b4 a3 28. b5 Rxb5 29. Rc7 Rd5 30. Rb1 Rd2 31. Kg2 Rxa2 32. Rd1 g5 33. Rd8 Rb2
34. Re7 a2 35. Rdxe8+ Kg7 36. Rxf7+ Kg6 37. Rf3 Rxc8 38. Rxe6+ Kg7 39. Ra6 Rc7
40. Rfa3 Rf7 41. Kh3 Rfxf2 42. Ra7+ Kg6 43. R7a6+ 1/2-1/2

[Event "35th Zalakaros Open 2016"]
[Site "Zalakaros HUN"]
[Date "2016.05.28"]
[Round "2.12"]
[White "Shyam, Sundar M."]
[Black "Farago, Ivan"]
[Result "1/2-1/2"]
[WhiteTitle "GM"]
[BlackTitle "GM"]
[WhiteElo "2530"]
[BlackElo "2391"]
[WhiteFideId "5019141"]
[BlackFideId "700134"]
[EventDate "2016.05.27"]

1. e4 e6 2. d4 d5 3. e5 c5 4. c3 Qb6 5. Nf3 Nc6 6. a3 c4 7. Nbd2 Na5 8. Be2 Bd7
9. Rb1 Ne7 10. O-O Qc7 11. Ng5 h6 12. Nh3 Nc8 13. Nf4 g6 14. h4 Nb6 15. h5 g5
16. Nh3 Ba4 17. Qe1 Bc2 18. Ra1 Rg8 19. f4 g4 20. Qg3 Bf5 21. Nf2 O-O-O 22. Bxg4
Be7 23. Qf3 Rg7 24. Bxf5 exf5 25. Nd1 Rdg8 26. Ne3 Qd7 27. Qd1 Nc6 28. Qc2 f6
29. exf6 Bxf6 30. Rf2 Ne7 31. Nf3 Kb8 32. Ne5 Qe6 33. a4 Nbc8 34. b3 Nd6 35.
bxc4 Ne4 36. Re2 Bxe5 37. dxe5 dxc4 38. Rb1 Nd5 39. Nxd5 Qxd5 40. Rb5 Qd3 41.
Rb2 Nxc3 42. Qxd3 cxd3 43. Red2 Rg3 44. Kh2 Nxa4 45. Rb4 Nc5 46. Ra2 Ne4 47. Rd4
Nc3 48. Rf2 Ne4 49. Rb2 d2 50. Rdxd2 Nxd2 51. Rxd2 Re3 52. Rd6 Re2 53. Rg6 Rh8
54. Ba3 Kc7 55. Rf6 Rg8 56. Rg6 Rh8 57. Rf6 1/2-1/2

[Event "35th Zalakaros Open 2016"]
[Site "Zalakaros HUN"]
[Date "2016.05.28"]
[Round "2.13"]
[White "Svane, Rasmus"]
[Black "Loos, Roland"]
[Result "1-0"]
[WhiteTitle "IM"]
[WhiteElo "2526"]
[BlackElo "2316"]
[WhiteFideId "4657101"]
[BlackFideId "4643232"]
[EventDate "2016.05.27"]

1. d4 e6 2. c4 f5 3. Nf3 Nf6 4. Nc3 Bb4 5. Qb3 a5 6. g3 b6 7. Bg2 Bb7 8. O-O O-O
9. Rd1 Qe8 10. Nb5 Na6 11. Bf4 Rc8 12. c5 d6 13. c6 Bxc6 14. Na7 Ba4 15. Qd3 Ra8
16. Qxa6 Bxd1 17. Rxd1 Qb8 18. a3 Qxa7 19. Qd3 Bxa3 20. bxa3 Rae8 21. Rc1 Kh8
22. Qc4 Re7 23. Ng5 Rfe8 24. Bc6 h6 25. Nf3 Rf8 26. Qc2 g5 27. Bd2 Qa6 28. Bc3
Qc8 29. Bb2 Rg7 30. e3 Kg8 31. Kg2 Rff7 32. Re1 Re7 33. Nd2 Rg6 34. e4 fxe4 35.
Nxe4 Reg7 36. Re2 b5 37. Bxb5 Qb7 38. Bc6 Qa6 39. Bc1 Nxe4 40. Bxe4 Rf6 41. Be3
Re7 42. Re1 d5 43. Bd3 Qd6 44. Qc3 a4 45. Rb1 Rf8 46. Rb7 Ref7 47. Ra7 Qb6 48.
Rxa4 e5 49. Ra6 exd4 50. Qxd4 1-0

[Event "35th Zalakaros Open 2016"]
[Site "Zalakaros HUN"]
[Date "2016.05.28"]
[Round "2.14"]
[White "Mesaros, Florian"]
[Black "Harika, Dronavalli"]
[Result "1/2-1/2"]
[WhiteTitle "FM"]
[BlackTitle "GM"]
[WhiteElo "2318"]
[BlackElo "2514"]
[WhiteFideId "1629220"]
[BlackFideId "5015197"]
[EventDate "2016.05.27"]

1. Nf3 c5 2. c4 Nc6 3. Nc3 g6 4. e3 Nf6 5. d4 cxd4 6. exd4 d5 7. cxd5 Nxd5 8.
Qb3 e6 9. Bb5 Bg7 10. Bg5 Qb6 11. Nxd5 exd5 12. Bxc6+ bxc6 13. Qa3 f6 14. O-O
Kf7 15. Rfe1 Bf8 16. Qe3 fxg5 17. Qe8+ Kg7 18. Re7+ Bxe7 19. Qxe7+ Kg8 20. Qe8+
Kg7 21. Qe5+ Kg8 22. Qe8+ Kg7 23. Qe7+ Kg8 24. Qe8+ 1/2-1/2

[Event "35th Zalakaros Open 2016"]
[Site "Zalakaros HUN"]
[Date "2016.05.28"]
[Round "2.15"]
[White "Andersen, Mads"]
[Black "Saravanan, V."]
[Result "1-0"]
[WhiteTitle "GM"]
[BlackTitle "IM"]
[WhiteElo "2505"]
[BlackElo "2272"]
[WhiteFideId "1413864"]
[BlackFideId "5000580"]
[EventDate "2016.05.27"]

1. e4 c5 2. c3 Nf6 3. e5 Nd5 4. Nf3 Nc6 5. Bc4 Nb6 6. Bb3 c4 7. Bc2 Qc7 8. Qe2
g5 9. Na3 Bg7 10. Nxc4 g4 11. Nxb6 axb6 12. Nh4 Qxe5 13. Nf5 d5 14. Nxg7+ Qxg7
15. d4 Qf6 16. O-O Bf5 17. Bb3 Qd6 18. f3 Rg8 19. fxg4 Bxg4 20. Qd3 O-O-O 21.
Rxf7 e5 22. Bd2 Rg6 23. Kh1 Rdg8 24. Qb5 Be6 25. Rf2 Qd8 26. Raf1 h5 27. Qa4 Kc7
28. dxe5 Rg4 29. Qb5 Re4 30. Bc2 Na7 31. Qb3 Reg4 32. Be3 Nc8 33. Qb5 Qh4 34.
Bxb6+ Kb8 35. Qa5 Qe7 36. Bc5 1-0

[Event "35th Zalakaros Open 2016"]
[Site "Zalakaros HUN"]
[Date "2016.05.28"]
[Round "2.16"]
[White "Kulon, Klaudia"]
[Black "Mihok, Oliver"]
[Result "1/2-1/2"]
[WhiteTitle "WGM"]
[BlackTitle "GM"]
[WhiteElo "2304"]
[BlackElo "2498"]
[WhiteFideId "1131044"]
[BlackFideId "728012"]
[EventDate "2016.05.27"]

1. e4 c5 2. Nf3 e6 3. d4 cxd4 4. Nxd4 Nc6 5. Nc3 Qc7 6. g3 a6 7. Bg2 Nf6 8. O-O
h5 9. Re1 h4 10. Nxc6 dxc6 11. e5 Nd5 12. Ne4 hxg3 13. hxg3 b5 14. Nd6+ Bxd6 15.
exd6 Qxd6 16. b3 Qc5 17. Bb2 O-O 18. Bxg7 Kxg7 19. Qg4+ Kf6 20. Qh4+ Kg6 21.
Qg4+ Kf6 22. Qh4+ 1/2-1/2

[Event "35th Zalakaros Open 2016"]
[Site "Zalakaros HUN"]
[Date "2016.05.28"]
[Round "2.17"]
[White "Narayanan, Srinath"]
[Black "Laliena Solanes, Luis"]
[Result "1-0"]
[WhiteTitle "IM"]
[WhiteElo "2469"]
[BlackElo "2205"]
[WhiteFideId "5018420"]
[BlackFideId "2212560"]
[EventDate "2016.05.27"]

1. e4 e6 2. d4 d5 3. Nd2 Nf6 4. e5 Nfd7 5. c3 c5 6. Bd3 Nc6 7. Ngf3 g6 8. h4 h6
9. Bc2 Bg7 10. O-O O-O 11. Re1 cxd4 12. cxd4 f6 13. Bxg6 fxe5 14. dxe5 Ndxe5 15.
Nxe5 Nxe5 16. Rxe5 Bxe5 17. Qh5 Bg7 18. Nf3 Rxf3 19. Qxf3 Qf6 20. Qh5 Qe5 21.
Qxe5 Bxe5 22. Bxh6 Bxb2 23. Rb1 Bc3 24. Rb3 d4 25. Bf4 Kg7 26. h5 Kf6 27. Rb5 a6
28. Bg5+ Kg7 29. Rc5 1-0

[Event "35th Zalakaros Open 2016"]
[Site "Zalakaros HUN"]
[Date "2016.05.28"]
[Round "2.18"]
[White "Tarhon, Brian"]
[Black "Aryan, Chopra"]
[Result "0-1"]
[WhiteTitle "FM"]
[BlackTitle "IM"]
[WhiteElo "2285"]
[BlackElo "2459"]
[WhiteFideId "423190"]
[BlackFideId "5084423"]
[EventDate "2016.05.27"]

1. e4 e5 2. Nf3 Nc6 3. Bb5 a6 4. Ba4 Nf6 5. O-O b5 6. Bb3 Bc5 7. c3 d6 8. d4 Bb6
9. h3 O-O 10. a4 Rb8 11. Re1 Bb7 12. Be3 exd4 13. cxd4 Na5 14. d5 Bxe3 15. Rxe3
c5 16. dxc6 Bxc6 17. axb5 Nxb3 18. Qxb3 Bxe4 19. Nd4 Qb6 20. Qd1 axb5 21. Nc3
Bg6 22. Ndxb5 Qc5 23. Nd4 Rb4 24. Nf3 h6 25. b3 Rfb8 26. Na4 Qd5 27. Nd2 Qb7 28.
Rc1 Nd5 29. Rg3 Nf4 30. Nc4 d5 31. Ne5 Bh5 32. Ng4 Kh8 33. Nc5 Qb5 34. Nd3 Rd4
35. Nxf4 Rxd1+ 36. Rxd1 Bxg4 37. hxg4 Rd8 38. Rgd3 Qb4 39. Nxd5 Qxg4 40. Ne3
Rxd3 41. Rxd3 Qe4 42. Rd8+ Kh7 43. Rb8 f5 44. b4 f4 45. Nf1 Qe5 46. Rb7 Qd5 47.
Rb8 Qd6 48. Rb7 h5 49. b5 Kg8 50. b6 Kh7 51. Nh2 Kh6 52. Nf3 g5 53. Kh2 g4 54.
Nh4 f3+ 55. g3 Qd2 56. Re7 Qxf2+ 57. Kh1 Qf1+ 58. Kh2 Qh3+ 59. Kg1 Qxg3+ 0-1

[Event "35th Zalakaros Open 2016"]
[Site "Zalakaros HUN"]
[Date "2016.05.28"]
[Round "2.19"]
[White "Czebe, Attila"]
[Black "Skuhala, Jernej"]
[Result "1/2-1/2"]
[WhiteTitle "GM"]
[WhiteElo "2454"]
[BlackElo "2142"]
[WhiteFideId "705268"]
[BlackFideId "14605651"]
[EventDate "2016.05.27"]

1. Nf3 Nf6 2. g3 d5 3. Bg2 e6 4. O-O Be7 5. d3 c5 6. Nbd2 Nc6 7. e4 b6 8. Re1
Bb7 9. c3 Qc7 10. Nf1 O-O-O 11. Qa4 h6 12. b4 dxe4 13. dxe4 g5 14. Bb2 g4 15.
N3d2 Kb8 16. bxc5 Bxc5 17. Nb3 Ne5 18. Nxc5 Qxc5 19. Ba3 Qc7 20. Rad1 Nh7 21.
Rxd8+ Rxd8 22. Rd1 Ng5 23. Rxd8+ Qxd8 24. Bc1 Nef3+ 25. Kh1 Nxe4 26. Bxf3 gxf3
27. Be3 Nxc3 28. Qf4+ Ka8 29. Qxh6 Bc6 30. Nd2 Ne4 31. h4 Nxd2 32. Bxd2 Qd3 33.
Kg1 Bb5 34. Kh2 Kb7 35. Qf4 f5 36. Qg5 Bd7 37. Kg1 Bb5 38. Kh2 Bd7 39. Kg1 Bb5 1/2-1/2

[Event "35th Zalakaros Open 2016"]
[Site "Zalakaros HUN"]
[Date "2016.05.28"]
[Round "2.20"]
[White "Gyurkovics, Bence Dr."]
[Black "Smith, Bryan G"]
[Result "1/2-1/2"]
[BlackTitle "GM"]
[WhiteElo "2233"]
[BlackElo "2453"]
[WhiteFideId "731927"]
[BlackFideId "2017083"]
[EventDate "2016.05.27"]

1. d4 Nf6 2. Nf3 e6 3. c4 b6 4. g3 Ba6 5. Qa4 c6 6. Bg2 Be7 7. Nc3 O-O 8. O-O d5
9. cxd5 cxd5 10. Ne5 b5 11. Nxb5 Qb6 12. Nc3 Rc8 13. Rd1 Nc6 14. Be3 Qb7 15. Qb3
Nxe5 16. Qxb7 Bxb7 17. dxe5 Nd7 18. f4 1/2-1/2

[Event "35th Zalakaros Open 2016"]
[Site "Zalakaros HUN"]
[Date "2016.05.28"]
[Round "2.21"]
[White "Kohlweyer, Bernd"]
[Black "Kravtsiv, Martyn"]
[Result "1/2-1/2"]
[WhiteTitle "IM"]
[BlackTitle "GM"]
[WhiteElo "2373"]
[BlackElo "2641"]
[WhiteFideId "4600622"]
[BlackFideId "14113147"]
[EventDate "2016.05.27"]

1. c4 Nf6 2. Nc3 e5 3. e3 Bb4 4. Nge2 O-O 5. a3 Bxc3 6. Nxc3 d5 7. cxd5 Nxd5 8.
Qc2 Nc6 9. Be2 a5 10. O-O Be6 11. b3 Nce7 12. Bb2 Ng6 13. Rfd1 c5 14. Nxd5 Bxd5
15. f3 Rc8 16. Bc4 Bc6 17. Qf5 b5 18. Be2 Bd5 19. Qd3 c4 20. bxc4 bxc4 21. Qc2
Qg5 22. g3 f5 23. Kh1 Rc6 24. Rg1 Kh8 25. Bc3 Rc5 26. Rab1 Ba8 27. Rb6 Qd8 28.
Qb1 Ne7 29. Rb5 Qd5 30. Rb8 Rcc8 31. Rb5 Rc5 32. Rb8 Rcc8 33. Rb5 1/2-1/2

[Event "35th Zalakaros Open 2016"]
[Site "Zalakaros HUN"]
[Date "2016.05.28"]
[Round "2.22"]
[White "Romanov, Evgeny"]
[Black "Thakur, Akash"]
[Result "1-0"]
[WhiteTitle "GM"]
[BlackTitle "FM"]
[WhiteElo "2641"]
[BlackElo "2345"]
[WhiteFideId "4148843"]
[BlackFideId "5008514"]
[EventDate "2016.05.27"]

1. c4 Nf6 2. Nc3 e5 3. Nf3 Nc6 4. g3 Bb4 5. Bg2 d6 6. Nd5 Bc5 7. O-O O-O 8. e3
Nxd5 9. cxd5 Ne7 10. d4 exd4 11. Nxd4 Bd7 12. b3 Qc8 13. Re1 c6 14. dxc6 bxc6
15. Bb2 Bh3 16. Be4 h6 17. Rc1 Qd7 18. Bb1 Rac8 19. Qd3 g6 20. Ne2 Bb6 21. Rc4
Bf5 22. Qc3 f6 23. Bxf5 Nxf5 24. Rc1 Ne7 25. Qd3 Kh7 26. Nf4 Rc7 27. Re4 Nf5 28.
Ne6 Rf7 29. Nxc7 Bxc7 30. Rec4 Ne7 31. Ba3 Qe6 32. Rd1 d5 33. Rc2 Bd6 34. Bxd6
Qxd6 35. e4 f5 36. exd5 Nxd5 37. b4 f4 38. b5 fxg3 39. hxg3 Qf6 40. Qd4 Qf3 41.
Rd3 1-0

[Event "35th Zalakaros Open 2016"]
[Site "Zalakaros HUN"]
[Date "2016.05.28"]
[Round "2.23"]
[White "Nitin, S."]
[Black "Perunovic, Milos"]
[Result "1-0"]
[WhiteTitle "IM"]
[BlackTitle "GM"]
[WhiteElo "2377"]
[BlackElo "2639"]
[WhiteFideId "5018277"]
[BlackFideId "921629"]
[EventDate "2016.05.27"]

1. e4 c5 2. Nf3 Nc6 3. d4 cxd4 4. Nxd4 Qb6 5. Nb3 Nf6 6. Nc3 e6 7. Qe2 Bb4 8.
Bd2 O-O 9. a3 Be7 10. O-O-O Qc7 11. g4 d5 12. f4 a6 13. g5 Nxe4 14. Nxe4 dxe4
15. Qxe4 b5 16. Bd3 g6 17. h4 e5 18. h5 Bf5 19. Qe2 Bxd3 20. Qxd3 Rad8 21. Qh3
Qc8 22. Qh2 gxh5 23. Qxh5 Qf5 24. Qh6 Qg6 25. f5 Qxh6 26. Rxh6 f6 27. Rdh1 Rf7
28. g6 Rg7 29. Rxh7 Rxh7 30. Rxh7 Bf8 31. Rf7 Rd6 32. Nc5 Nd8 33. Rc7 Rc6 34.
Rd7 Rd6 35. g7 1-0

[Event "35th Zalakaros Open 2016"]
[Site "Zalakaros HUN"]
[Date "2016.05.28"]
[Round "2.24"]
[White "Szabo, Gergely-Andras-Gyula"]
[Black "Paschall, William M."]
[Result "1-0"]
[WhiteTitle "GM"]
[BlackTitle "IM"]
[WhiteElo "2548"]
[BlackElo "2377"]
[WhiteFideId "1205064"]
[BlackFideId "2005379"]
[EventDate "2016.05.27"]

1. d4 Nf6 2. c4 e6 3. Nc3 Bb4 4. f3 d5 5. a3 Bxc3+ 6. bxc3 c5 7. cxd5 exd5 8. e3
O-O 9. Bd3 b6 10. Ne2 Ba6 11. O-O Bxd3 12. Qxd3 Re8 13. Ng3 Nc6 14. Bb2 h5 15.
Rae1 h4 16. Nf5 Nh5 17. e4 cxd4 18. cxd4 h3 19. g3 Qd7 20. e5 Na5 21. Bc1 g6 22.
Nh6+ Kh7 23. g4 Ng7 24. f4 Kxh6 25. Qxh3+ Nh5 26. g5+ 1-0

[Event "35th Zalakaros Open 2016"]
[Site "Zalakaros HUN"]
[Date "2016.05.28"]
[Round "2.25"]
[White "Tesik, Csaba"]
[Black "Del Rio De Angelis, Salvador G."]
[Result "1/2-1/2"]
[WhiteTitle "FM"]
[BlackTitle "GM"]
[WhiteElo "2333"]
[BlackElo "2541"]
[WhiteFideId "735582"]
[BlackFideId "2203138"]
[EventDate "2016.05.27"]

1. e4 e6 2. d4 d5 3. Nd2 c5 4. Ngf3 cxd4 5. Nxd4 Nf6 6. exd5 Nxd5 7. N2f3 Bb4+
8. Bd2 O-O 9. c4 Bxd2+ 10. Qxd2 Nf6 11. Be2 e5 12. Nb5 Nc6 13. O-O e4 14. Nfd4
a6 15. Rfd1 axb5 16. Nxc6 Qxd2 17. Ne7+ Kh8 18. Rxd2 Be6 19. Nd5 Rfd8 20. Rdd1
Nxd5 21. cxd5 Rxd5 22. Rxd5 Bxd5 23. Bxb5 g6 24. a3 Rc8 25. h3 Rc2 26. Rd1 Bb3
27. Rd4 Rxb2 1/2-1/2

[Event "35th Zalakaros Open 2016"]
[Site "Zalakaros HUN"]
[Date "2016.05.28"]
[Round "2.26"]
[White "Blazeka, Matej"]
[Black "Horvath, Jozsef1"]
[Result "0-1"]
[WhiteTitle "FM"]
[BlackTitle "GM"]
[WhiteElo "2341"]
[BlackElo "2528"]
[WhiteFideId "14515741"]
[BlackFideId "700061"]
[EventDate "2016.05.27"]

1. e4 d6 2. d4 Nf6 3. f3 c5 4. Ne2 e6 5. c4 d5 6. e5 Nfd7 7. cxd5 exd5 8. f4 Nc6
9. Nbc3 cxd4 10. Nxd4 Ndxe5 11. Ndb5 Bb4 12. fxe5 Qh4+ 13. g3 Qe4+ 14. Qe2 Qxh1
15. Nc7+ Kf8 16. Nxa8 Nd4 17. Qd3 Nf3+ 18. Kf2 Bg4 19. Qxd5 Qg1+ 20. Ke2 Nxh2+
21. Kd3 Qxf1+ 22. Kc2 Bf5+ 23. Ne4 Qe2+ 24. Kb3 Be6 0-1

[Event "35th Zalakaros Open 2016"]
[Site "Zalakaros HUN"]
[Date "2016.05.28"]
[Round "2.27"]
[White "Horvath, Adam1"]
[Black "Tate, Alan"]
[Result "1-0"]
[WhiteTitle "GM"]
[BlackTitle "FM"]
[WhiteElo "2515"]
[BlackElo "2307"]
[WhiteFideId "708003"]
[BlackFideId "2401878"]
[EventDate "2016.05.27"]

1. e4 e5 2. Nf3 Nc6 3. Bc4 Bc5 4. c3 Nf6 5. d3 d6 6. a4 a5 7. O-O h6 8. Na3 O-O
9. Nc2 Re8 10. Re1 Bb6 11. Be3 Bxe3 12. Nxe3 Be6 13. Bb5 Bd7 14. Qb3 Qc8 15. Bc4
Nd8 16. Rad1 c6 17. Qb6 Qb8 18. Nh4 Ne6 19. Nhf5 Nc5 20. d4 exd4 21. cxd4 Ncxe4
22. d5 cxd5 23. Bb5 Qd8 24. Qd4 Bxb5 25. axb5 Re5 26. f4 Rxf5 27. Nxf5 Rc8 28.
Ne3 Rc5 29. g4 Qd7 30. Re2 Qxb5 31. Rg2 Qb4 32. Qxb4 axb4 33. g5 hxg5 34. fxg5
Nd7 35. Nxd5 Ne5 36. Nxb4 Nxg5 37. Kf1 Nc4 38. Re2 Rf5+ 39. Kg2 Ne6 40. Nd3 Rd5
41. Kh1 Nf4 42. Re8+ Kh7 43. Nf2 Nxb2 44. Rxd5 Nxd5 45. Re4 b5 46. Rd4 Nf6 47.
Rxd6 Nc4 48. Rc6 Ne5 49. Rb6 Nfd7 50. Rxb5 f6 51. Ne4 Kg6 52. Nd6 Kg5 53. Kg2
Kg6 54. Kg3 Nf8 55. Nc8 Nfd7 56. Kf4 Nd3+ 57. Ke3 N3e5 58. Kf4 Nd3+ 59. Kg3 N3e5
60. Rb7 Nc5 61. Ra7 Ncd7 62. Nd6 Kg5 63. Ra3 Nf8 64. Ne4+ Kf5 65. Nd6+ Kg6 66.
Ra7 Nfd7 67. Kf4 Nc5 68. Re7 Nc6 69. Re2 Kh7 70. Re3 Ne5 71. Kf5 g6+ 72. Kf4
Ne6+ 73. Kg3 g5 74. Ra3 Kg6 75. Ra8 Nf4 76. Ra6 Nh5+ 77. Kg2 Nf4+ 78. Kf2 Ned3+
79. Kg1 Nh5 80. Nc4 Ndf4 81. Ne3 Nh3+ 82. Kf1 N3f4 83. Rd6 Nh3 84. Ke2 N3f4+ 85.
Kf3 Nh3 86. Ng4 N3f4 87. Ke4 Kf7 88. Nh6+ Kg6 89. Nf5 Nh3 90. Ne7+ Kf7 91. Nd5
Nf2+ 92. Kf3 1-0

[Event "35th Zalakaros Open 2016"]
[Site "Zalakaros HUN"]
[Date "2016.05.28"]
[Round "2.28"]
[White "Nemeth, Miklos1"]
[Black "Barski, Radoslaw"]
[Result "1/2-1/2"]
[WhiteTitle "IM"]
[WhiteElo "2482"]
[BlackElo "2324"]
[WhiteFideId "720232"]
[BlackFideId "1131710"]
[EventDate "2016.05.27"]

1. e4 c5 2. Nf3 e6 3. d4 cxd4 4. Nxd4 Nc6 5. Nb5 d6 6. c4 Nf6 7. N1c3 a6 8. Na3
Be7 9. g3 b6 10. Bg2 Bb7 11. O-O O-O 12. b3 Rc8 13. Bb2 Qc7 14. Qe2 Rfe8 15.
Rfd1 Ne5 16. Rac1 g5 17. h3 h6 18. Nc2 Kh7 19. Ne3 h5 20. f4 gxf4 21. gxf4 Ng6
22. Qf2 Rg8 23. Kh1 d5 24. exd5 Qxf4 25. Rf1 Bd6 26. Qxf4 Nxf4 27. Ne2 Nxe2 28.
Rxf6 Ng3+ 29. Kg1 Rg7 30. Re1 Bb4 31. Rd1 Bc5 32. Kf2 exd5 33. cxd5 Bxe3+ 34.
Kxe3 Re8+ 35. Kd3 Ne2 36. Be4+ Kg8 37. Rf3 Rg3 38. Rf1 Nf4+ 39. Kd4 Ne2+ 40. Kd3
Nf4+ 41. Kd4 Ne2+ 42. Kd3 Nf4+ 1/2-1/2

[Event "35th Zalakaros Open 2016"]
[Site "Zalakaros HUN"]
[Date "2016.05.28"]
[Round "2.29"]
[White "Vegh, Endre"]
[Black "Romanishin, Oleg M"]
[Result "1/2-1/2"]
[WhiteTitle "IM"]
[BlackTitle "GM"]
[WhiteElo "2271"]
[BlackElo "2464"]
[WhiteFideId "700568"]
[BlackFideId "14100088"]
[EventDate "2016.05.27"]

1. d4 Nf6 2. Bg5 d5 3. e3 Nbd7 4. Nf3 c6 5. Nbd2 g6 6. Bd3 Bg7 7. O-O O-O 8. c4
dxc4 9. Nxc4 c5 10. Rc1 cxd4 11. exd4 Nb6 12. Re1 Be6 13. Qe2 Rc8 14. b3 Nbd5
15. Bd2 1/2-1/2

[Event "35th Zalakaros Open 2016"]
[Site "Zalakaros HUN"]
[Date "2016.05.28"]
[Round "2.30"]
[White "Korpa, Bence"]
[Black "Efroimski, Marsel"]
[Result "1/2-1/2"]
[WhiteTitle "IM"]
[BlackTitle "WIM"]
[WhiteElo "2461"]
[BlackElo "2268"]
[WhiteFideId "706671"]
[BlackFideId "2810964"]
[EventDate "2016.05.27"]

1. c4 e5 2. g3 Nf6 3. Bg2 d5 4. cxd5 Nxd5 5. Nf3 Nc6 6. O-O Nb6 7. b3 Be6 8. Bb2
Bd6 9. d4 e4 10. Ne5 f5 11. Nxc6 bxc6 12. f3 exf3 13. Bxf3 O-O 14. Bxc6 f4 15.
Qd3 fxg3 16. Rxf8+ Qxf8 17. hxg3 Rd8 18. Nd2 Qe7 19. Be4 h6 20. Rf1 Be5 21. Qe3
Bf6 22. Bb1 Bh3 23. Qxe7 Bxe7 24. Rd1 Bg4 25. Nf3 Bd6 26. Kf2 Nd5 27. e4 Bxf3
28. Kxf3 Rf8+ 29. Ke2 Bxg3 30. Rf1 Rxf1 31. Kxf1 Nf4 32. e5 Kf7 33. a4 h5 34. a5
Ke6 35. Be4 Nd5 36. a6 Nb4 37. Ba3 c5 38. Bb7 h4 39. Ke2 h3 40. Bc8+ Kd5 41.
Bxh3 Kxd4 42. e6 Bd6 43. Bb2+ Kd5 44. Bxg7 Be7 45. Bh6 Nxa6 46. Bf4 Nb4 47. Kd2
a6 48. Bh6 Nc6 49. Bf1 Kxe6 50. Bxa6 Ne5 51. Kc2 Kd5 52. Bb7+ Nc6 53. Kd3 Bf6
54. Bf8 Bg5 55. Ke2 Bc1 56. Kf3 Bb2 57. Kf4 Be5+ 58. Kf5 Bd6 59. Bh6 c4 60.
bxc4+ Kxc4 61. Bxc6 Bc5 62. Ke4 Bb4 63. Bd5+ Kc3 64. Bg7+ Kc2 65. Bd4 Bc3 66.
Bc5 Kb2 67. Kd3 Bf6 68. Be3 Bg7 69. Kc4 1/2-1/2

[Event "35th Zalakaros Open 2016"]
[Site "Zalakaros HUN"]
[Date "2016.05.28"]
[Round "2.31"]
[White "Gazik, Igor"]
[Black "Kreisl, Robert"]
[Result "1/2-1/2"]
[WhiteTitle "IM"]
[BlackTitle "IM"]
[WhiteElo "2302"]
[BlackElo "2439"]
[WhiteFideId "14900149"]
[BlackFideId "1613880"]
[EventDate "2016.05.27"]

1. d4 Nf6 2. Nf3 g6 3. c4 Bg7 4. g3 O-O 5. Bg2 d5 6. cxd5 Nxd5 7. O-O Nc6 8. Nc3
Bf5 9. Nh4 Be6 10. e4 Nxc3 11. bxc3 Bc4 12. Re1 e5 13. d5 Ne7 14. Ba3 Qd7 15.
Nf3 Rfd8 16. Nd2 Ba6 17. c4 c6 18. Qb3 cxd5 19. cxd5 Rac8 20. Rac1 Bh6 21. Bb4
Rxc1 22. Rxc1 Rc8 23. Rxc8+ Nxc8 24. Qc3 Bg7 25. h4 Nd6 26. Bh3 Qd8 27. a4 h5
28. Qc5 Bf8 29. Qc3 Bg7 30. Qc5 Bf8 1/2-1/2

[Event "35th Zalakaros Open 2016"]
[Site "Zalakaros HUN"]
[Date "2016.05.28"]
[Round "2.32"]
[White "Nagy, Gabor1"]
[Black "Warakomska, Anna"]
[Result "1/2-1/2"]
[WhiteTitle "IM"]
[BlackTitle "WIM"]
[WhiteElo "2439"]
[BlackElo "2298"]
[WhiteFideId "737119"]
[BlackFideId "1130790"]
[EventDate "2016.05.27"]

1. c4 e5 2. Nc3 Nf6 3. g3 d5 4. cxd5 Nxd5 5. Bg2 Nb6 6. e3 Be7 7. Nge2 O-O 8.
O-O N8d7 9. f4 exf4 10. Nxf4 Nf6 11. b3 c6 12. Bb2 Bg4 13. Qc2 Qd7 14. h3 Be6
15. Nxe6 fxe6 16. Ne2 Rad8 17. d4 Nbd5 18. Rf3 Nb4 19. Qb1 c5 20. a3 Nc6 21. b4
cxb4 22. axb4 Bxb4 23. e4 Ba5 24. Kh2 Bb6 25. d5 exd5 26. Bxf6 gxf6 27. exd5 Nd4
28. Nxd4 Bxd4 29. Ra2 Kh8 30. Qb4 Qxd5 31. Rxf6 Qc5 32. Rxf8+ Rxf8 33. Qxc5 Bxc5
34. Bxb7 Rf2+ 35. Rxf2 Bxf2 1/2-1/2